000 003600000a22001450004500
003 MACL
040 _aMACL
090 _c3808
_d3807
100 _4
_aChauhan, Rajinder Singh
245 _aMuslims In South East Asia
_bA Study In Minority Problem
260 _bKanishka Publishing House
_c1991
350 _a225
650 _aPolitical Science
942 _cBOOK
_k320
999 _c3776
_d3776